Theologia reformata, qua plures enodantur morales difficultates ex mente SS. D. N. Innocentii Papae XI.

Detalles Bibliográficos
Autor principal: FUENTE HURTADO, Diego de la
Formato: Libro
Publicado: Sevilla 1689
Materias:
Colección:Banco de datos
Acervo:Biblioteca del Museo Regional de Querétaro. INAH. Querétaro
Tema general:Teología
Notas:Buena. Ex libris de la Biblioteca del Col. Civil de Qro. y otro manuscrito del Col. de la Cía. de Jesús. Marcas de fuego del Col. de S. Fco. Xavier y del Conv. de S. Agustín 2K1, 25.
LEADER 00891nam a22001930004500
035 |a 33147 
036 |a 529 
100 1 |a FUENTE HURTADO, Diego de la 
245 1 0 |a Theologia reformata, qua plures enodantur morales difficultates ex mente SS. D. N. Innocentii Papae XI. 
260 |a Sevilla  |b imp. Tomás López de Haro  |c 1689 
500 |a Buena. Ex libris de la Biblioteca del Col. Civil de Qro. y otro manuscrito del Col. de la Cía. de Jesús. Marcas de fuego del Col. de S. Fco. Xavier y del Conv. de S. Agustín 2K1, 25. 
650 1 0 |a Teología 
949 |a C.R.Q. 
959 |a Ex convento Grande de San Francisco de la ciudad de Querétaro, Museo Regional de Querétaro  |b CCC2 
960 |a Varias marcas de Fuego, Querétaro  |b DD83 
961 |a Varias Ordenes Religiosas  |b VO 
942 |c C.R.Q. 
943 |g Biblioteca del Museo Regional de Querétaro. INAH. Querétaro 
999 |c 989463  |d 989463